=LDR 00000nam 2200000 4500 =001 INLIS000000000004159 =005 20250630021144 =035 ##$$a 0010-0625000364 =007 ta =008 250630################f##########0#ind## =082 ##$$a 304.66 =084 ##$$a 304.66 BAD l =245 1#$$a Laporan Kepala Badan Koordinasi Keluarga Berencana Nasional Dalam Rapat Kerja Dengan Komisi VI DPR-RI Masa Persidangan II Tahun Sidang 1999-2000 Tentang Gerakan Keluarga Berencana Nasional /$c Badan Koordinasi Keluarga Berencana Nasional (BKKBN) =260 ##$$a Jakarta :$b Badan Koordinasi Keluarga Berencana Nasional (BKKBN),$c 1999 =300 ##$$a 42 hlm. : $b ilus. =650 #4$$a Keluarga Berencana =110 2#$$a Badan Koordinasi Keluarga Berencana Nasional (BKKBN)